Хроніка (Запис № 318965)

МАРК-запис
000 -LEADER
fixed length control field 00599nam a22002537a 4500
001 - CONTROL NUMBER
control field 32520
003 - CONTROL NUMBER IDENTIFIER
control field UA-OsUOA
005 - DATE AND TIME OF LATEST TRANSACTION
control field 20201201215708.0
007 - PHYSICAL DESCRIPTION FIXED FIELD--GENERAL INFORMATION
fixed length control field ta
008 - FIXED-LENGTH DATA ELEMENTS--GENERAL INFORMATION
fixed length control field 20050204b un ||||| |||| 00| 0 ukr d
040 ## - CATALOGING SOURCE
Original cataloging agency UA-OsUOA
Language of cataloging ukr
Transcribing agency UA-OsUOA
Modifying agency UA-OsUOA
041 ## - LANGUAGE CODE
Language code of text/sound track or separate title ukr
044 ## - COUNTRY OF PUBLISHING/PRODUCING ENTITY CODE
MARC country code CA
080 ## - UNIVERSAL DECIMAL CLASSIFICATION NUMBER
Universal Decimal Classification number 82-94
090 ## - LOCALLY ASSIGNED LC-TYPE CALL NUMBER (OCLC); LOCAL CALL NUMBER (OCLC)
Classification number (OCLC) (R) ; Classification number, CALL (RLIN) (NR) 82-94
Local cutter number (OCLC) ; Book number/undivided call number, CALL (RLIN) С30
100 ## - MAIN ENTRY--PERSONAL NAME
Personal name Семмо О.
245 ## - TITLE STATEMENT
Title Хроніка
260 ## - PUBLICATION, DISTRIBUTION, ETC. (IMPRINT)
Place of publication, distribution, etc Вінніпег
Date of publication, distribution, etc 1987
300 ## - PHYSICAL DESCRIPTION
Extent 390 с.
650 #7 - SUBJECT ADDED ENTRY--TOPICAL TERM
Source of heading or term UDC
942 ## - ADDED ENTRY ELEMENTS (KOHA)
Koha item type Книги
Source of classification or shelving scheme Universal Decimal Classification
955 ## - COPY-LEVEL INFORMATION (RLIN)
Classification number, CCAL (RLIN) інше
Фонди
Withdrawn status Lost status Source of classification or shelving scheme Damaged status Not for loan Collection code Home library Current library Date acquired Source of acquisition Cost, normal purchase price Inventory number Total Checkouts Full call number Barcode Date last seen Price effective from Koha item type
    Universal Decimal Classification       АБ - Абонемент НБ АБ - Абонемент НБ 26/11/2012     52193   82-94 С30 52193 06/04/2022 04/02/2005 Книги
    Universal Decimal Classification     Колекція Інституту дослідів Волині Наукова бібліотека ІДУД Наукова бібліотека ІДУД 24/01/2007 3/2006 1.00 2126569   82-94/94(477).06 С30 2126569 15/09/2019 24/01/2007 Книги
    Universal Decimal Classification     Колекція Інституту дослідів Волині Наукова бібліотека ІДУД Наукова бібліотека ІДУД 24/01/2007 38/2006 1.00 2126570   82-94/94(477).06 С30 2126570 15/09/2019 24/01/2007 Книги
    Universal Decimal Classification       Наукова бібліотека ІДУД Наукова бібліотека ІДУД 02/12/2008 139/2008 1.00 2130231   82-94 С30 2130231 15/09/2019 02/12/2008 Книги
    Universal Decimal Classification     Колекція Ковальського М.П. ЧЗ - Читальна зала ЧЗ - Читальна зала 05/11/2009 128/2009 5.00 124201   82-94 С30 124201 07/02/2022 04/02/2005 Книги
Withdrawn   Universal Decimal Classification       ЧЗ - Читальна зала ЧЗ - Читальна зала 04/02/2005     74964   82-94 С30 74964 13/07/2019 04/02/2005 Книги
    Universal Decimal Classification       ЧЗ - Читальна зала ЧЗ - Читальна зала 04/02/2005   4.00 74965   82-94 С30 74965 06/02/2022 04/02/2005 Книги
    Universal Decimal Classification       ЧЗ - Читальна зала ЧЗ - Читальна зала 04/02/2005   5.00 74966   82-94 С30 74966 06/02/2022 04/02/2005 Книги
Withdrawn   Universal Decimal Classification       ЧЗ - Читальна зала ЧЗ - Читальна зала 04/02/2005   5.00 74967   82-94 С30 74967 13/07/2019 04/02/2005 Книги
    Universal Decimal Classification       ЧЗ - Читальна зала ЧЗ - Читальна зала 07/02/2005     74968   82-94 С30 74968 08/11/2021 04/02/2005 Книги